Safest Cities in Europe - Statistics

General Stats
  • This quiz has been taken 169 times
  • The average score is 12 of 20
Answer Stats
Crime Index Country City % Correct
18,02 Switzerland Bern
95%
16,83 Switzerland Zurich
93%
22,35 Croatia Zagreb
87%
22,20 Finland Helsinki
85%
23,01 Austria Vienna
84%
17,39 Germany Munich
83%
22,26 Estonia Tallinn
83%
22,04 Iceland Reykjavik
79%
23,52 Denmark Copenhagen
75%
21,24 Slovenia Ljubljana
72%
19,34 Switzerland Basel
68%
19,69 Romania Cluj Napoca
49%
20,60 Norway Trondheim
48%
20,88 Finland Tampere
41%
21,03 Netherlands Groningen
32%
20,57 Estonia Tartu
29%
23,96 Romania Timisoara
29%
20,53 Croatia Rijeka
28%
23,41 Norway Stavanger
28%
22,35 Romania Brasov
17%
No matching quizzes found
Score Distribution
Percent of People with Each Score
Percentile by Number Answered
Your Score History
You have not taken this quiz